00904 a2200169 45000010006000000050017000060080041000230030015000640400040000790800057001192450042001760200018002182640043002363000019002795050413002981000023007113632920260407155639.0260407a1982 arg spa dAR-UNSa-BCEJYS aAR-UNSa-BCEJYSbspacAR-UNSa-BCEJYS a658.5xPlanificación y control de la producción 10aDirección de producciónpsistemas a950-037-003-4 1aBuenos Aires :bEdiciones Macchic1982 a122 p.c23 cm. aI.:Sistema de producción: 1.Las raices del presente - 2. Enfoque microeconómico de la producción - 3. Configuaración y carcterización del sistema de producción - 4. Tipos de producción - 5. Las funciones de producción - II.:Sistema decisorio de producción: 6. El sistema de producción - 7. Categorización de las decisiones de producción y su integración a través del planeamiento.1 aSolana, Ricardo F.